The cash nexus : (Record no. 22171)

MARC details
000 -LEADER
fixed length control field 00874cam a22002775a 4500
001 - CONTROL NUMBER
control field 006894896
003 - CONTROL NUMBER IDENTIFIER
control field OSt
005 - DATE AND TIME OF LATEST TRANSACTION
control field 20160825134917.0
008 - FIXED-LENGTH DATA ELEMENTS--GENERAL INFORMATION
fixed length control field 020208t2001 nyua frb 001 0 eng d
020 ## - INTERNATIONAL STANDARD BOOK NUMBER
International Standard Book Number 0465023266 (pbk)
020 ## - INTERNATIONAL STANDARD BOOK NUMBER
International Standard Book Number 9780465023264
040 ## - CATALOGING SOURCE
Original cataloging agency StDuBDS
Modifying agency Uk
-- EG-ScBUE
Language of cataloging eng
082 04 - DEWEY DECIMAL CLASSIFICATION NUMBER
Classification number 332.49
Item number FER
Edition number 21
100 1# - MAIN ENTRY--PERSONAL NAME
Personal name Ferguson, Niall.
9 (RLIN) 36876
245 14 - TITLE STATEMENT
Title The cash nexus :
Remainder of title Money and power in the modern world, 1700-2000 /
Statement of responsibility, etc Niall Ferguson.
260 ## - PUBLICATION, DISTRIBUTION, ETC. (IMPRINT)
Place of publication, distribution, etc New York :
Name of publisher, distributor, etc Basic Books,
Date of publication, distribution, etc c.2001.
300 ## - PHYSICAL DESCRIPTION
Extent xix, 552 p. :
Other physical details ill. ;
Dimensions 24 cm.
500 ## - GENERAL NOTE
General note Originally published: London: Penguin, 2001.
500 ## - GENERAL NOTE
General note Index : p. 533-552.<br/>
504 ## - BIBLIOGRAPHY, ETC. NOTE
Bibliography, etc Bibliography : p. 491-532.<br/>
650 #7 - SUBJECT ADDED ENTRY--TOPICAL TERM
Topical term or geographic name as entry element Money
General subdivision History.
Source of heading or term BUEsh
9 (RLIN) 36879
650 #7 - SUBJECT ADDED ENTRY--TOPICAL TERM
Topical term or geographic name as entry element Monetary policy
General subdivision History.
Source of heading or term BUEsh
9 (RLIN) 40742
651 ## - SUBJECT ADDED ENTRY--GEOGRAPHIC NAME
Source of heading or term BUEsh
653 ## - INDEX TERM--UNCONTROLLED
Resource For college BAEPS, Business Administration
Arrived date list August 2016
942 ## - ADDED ENTRY ELEMENTS (KOHA)
Source of classification or shelving scheme Dewey Decimal Classification
Holdings
Withdrawn status Item status Source of classification or shelving scheme Damaged status Not for loan Vendor Home library Current library Shelving location Date acquired Source of acquisition Cost, normal purchase price Serial Enumeration / chronology Total Checkouts Full call number Barcode Date last seen Cost, replacement price Koha item type
    Dewey Decimal Classification     Baccah Central Library Central Library First floor 11/08/2016 Purchase 136.00 24096   332.49 FER 000033249 15/07/2025 170.00 Book - Borrowing